A short guide to reputation risk

Bibliographic Details
Main Author: Honey, Garry (Author)
Format: Book
Language:English
Published: Farnham, UK : Gower , c2009
Series:Short guides to business risk series
Subjects:

MARC

LEADER 00000cam a2200000 7i4500
001 0000083521
005 20130915093000.0
008 130530s2009 enk eng
020 |a 0566089955 (paperback : alk. paper) 
020 |a 0566089963 
020 |a 9780566089954 (paperback : alk. paper) 
020 |a 9780566089961 
050 0 0 |a HD61   |b .H66 2009 
090 0 0 |a HD61   |b .H66 2009 
100 1 |a Honey, Garry ,   |e author 
245 1 2 |a A short guide to reputation risk   |c Garry Honey 
260 |a Farnham, UK :   |b Gower ,   |c c2009 
300 |a viii, 119 p. :   |b ill. ;   |c 22 cm. 
490 1 |a Short guides to business risk series 
504 |a Includes bibliographical references (p. 117-119) 
505 0 |a 1. The nature and value of reputation -- 2. The causes and impact of reputation risk -- 3. Identifying stakeholders and risk drivers -- 4. Selecting tools and controls -- 5. Assigning responsibility -- 6. Integrating reputation risk -- 7. Governance and compliance -- 8. Case studies 
650 0 |a Corporate image 
650 0 |a Intangible property   |x Valuation 
650 0 |a Risk assessment 
650 0 |a Risk management 
999 |a 1000158017   |b Book   |c OPEN SHELF (30 DAYS)   |e Gong Badak Campus